Logo biblioteca
Santa Fe 2917, Rosario, Santa Fe
Lu-Vi 8 a 19.45
+54-341-4232362
bibliotecaeudoro@gmail.com
Facebook Biblioteca Pedagógica
Sitio web

Flush / (Registro nro. 32539)

Detalles MARC
000 -CABECERA
campo fijo de control de longitud 00687nam a2200229 4500
001 - NÚMERO DE CONTROL
campo de control 32539
003 - IDENTIFICADOR DEL NÚMERO DE CONTROL
campo de control AR-RoBPED
005 - FECHA Y HORADE LA ULTIMA TRANSACCION
campo de control 20260410100508.0
008 - ELEMENTOS DE LONGITUD FIJA--INFORMACION GENERAL
campo fijo de control de longitud 260409s1971 es ||||er|||| 001 0 spa d
040 ## - FUENTE CATALOGADORA
Centro catalogador/agencia de origen AR-RoBPED
041 ## - IDIOMA
Código de idioma para texto/pista de sonido o título independiente spa
100 1# - ENCABEZAMIENTO PRINCIPAL--AUTOR PERSONAL
Nombre de persona Woolf, Virginia
Fechas nac-muerte 1882-1941
9 (RLIN) 493
245 1# - TITULO
Título Flush /
Mención de responsabilidad Virginia Woolf ; prólogo de Sergio Pitol.
260 ## - PUBLICACION
Lugar España:
Editor Salvat,
Fecha 1971.
300 ## - DESCRIPCION FISICA
Extensión 150 p.
490 0# - SERIE
Mención de serie (Biblioteca Básica Salvat ;
Designación de volumen o secuencia N° 83)
650 #4 - TERMINO DE MATERIA--CONTROLADO
Término controlado LITERATURA INGLESA
9 (RLIN) 444
Término controlado ENSAYOS
9 (RLIN) 285
700 ## - ENCABEZAMIENTO SECUNDARIO--AUTOR PERSONAL
Nombre de persona Pitol, Sergio
9 (RLIN) 30699
Función prolog.
942 ## - ELEMENTOS KOHA
Fuente de clasificación Universal Decimal Classification
Número Koha k. 32539
Koha tipo de ítem Libro
Clasificación 820-4
Signatura librística W 86 f
Inventario inv. 42381
945 ## - PROCESAMIENTO DE LA INFORMACIÓN LOCAL
Catalogador y fecha mm 09/04/2026 - cd 10/04/2026
Existencias
Estado retirado Estado perdido Fuente de clasificación Estado dañado No se presta Biblioteca propietaria Biblioteca de reserva Fecha de adquisición Procedencia Total de préstamos Signatura topográfica completa Código de barras (nº de inventario) Fecha visto por última vez Catalogador y fecha Tipo de ítem Koha Nota pública
    Universal Decimal Classification     Biblioteca Pedagógica Eudoro Díaz Biblioteca Pedagógica Eudoro Díaz 07/04/2026 donación   820-4 W 86f 42381 09/04/2026 mm 09/04/2026 Libro Se presta 15 días.